A character analysis of Robinson crusoe in “The life and adverntures of Robinson crusoe” by daniel defoe /

সংরক্ষণ করুন:
গ্রন্থ-পঞ্জীর বিবরন
প্রধান লেখক: Nguyễn Ái Ngân
বিন্যাস: অজ্ঞাত
ভাষা:English
প্রকাশিত: 2010.
বিষয়গুলি:
ট্যাগগুলো: ট্যাগ যুক্ত করুন
কোনো ট্যাগ নেই, প্রথমজন হিসাবে ট্যাগ করুন!
Thư viện lưu trữ: Mạng thư viện Đại học Đà Nẵng
LEADER 01209na a2200325 4500
001 000032016
003 7967
005 20230222081311.0
008 151001s2010 000 eng
040 |a LNN 
041 |a eng 
082 |a 420.2  |b NG-N 
100 |a Nguyễn Ái Ngân 
245 2 |a A character analysis of Robinson crusoe in “The life and adverntures of Robinson crusoe” by daniel defoe /  |c Nguyễn Ái Ngân. 
260 |c 2010. 
300 |a 73tr. : mh ; 30cm. 
650 |a A character analysis of Robinson crusoe in “The life and adverntures of Robinson crusoe” by daniel defoe, story, 2010 
852 |c Luận văn sinh viên 
OWN |a LNN 
AVA |a UDN50  |b LNN  |c English  |d 420.2 NG-N  |e available  |t Error 5001 Not defined in file expand_doc_bib_avail.  |f 1  |g 0  |h N  |i 0  |j AN  |k 1 
999 |a From the UDN01 
AVA |a UDN50  |b LNN  |c English  |d 420.2 NG-N  |e available  |t Error 5001 Not defined in file expand_doc_bib_avail.  |f 1  |g 0  |h N  |i 0  |j AN  |k 1 
TYP |a Printed language 
980 |a Mạng thư viện Đại học Đà Nẵng